Catalog

Record Details

Catalog Search



By flare of northern lights : a north-western story  Cover Image Book Book

By flare of northern lights : a north-western story / by Tim Champlin.

Record details

  • ISBN: 0786227303
  • Physical Description: 238 pages ; 22 cm.
  • Publisher: Waterville, Me. : Five Star, 2001.
Subject: Klondike River Valley (Yukon) > Fiction.
Gold mines and mining > Fiction.
Genre: Western stories.

Available copies

  • 1 of 1 copy available at scottsboropl.

Holds

  • 0 current holds with 1 total copy.
Show Only Available Copies
Location Call Number / Copy Notes Barcode Shelving Location Status Due Date
scottsboropl F Cha 32269000647175 Adult - Fiction Available -

LDR 00881nam a2200265 a 4500
001126310
003CONS
00520140703073303.0
008010713s2001 meu e 000 1 eng
010 . ‡a 2001040522
020 . ‡a0786227303
035 . ‡a(CPomAG)LMN493612
043 . ‡an-cn-yk
05000. ‡aPS3553.H265 ‡bB9 2001
08200. ‡a813/.54 ‡221
1001 . ‡aChamplin, Tim, ‡d1937-
24510. ‡aBy flare of northern lights : ‡ba north-western story / ‡cby Tim Champlin.
260 . ‡aWaterville, Me. : ‡bFive Star, ‡c2001.
300 . ‡a238 pages ; ‡c22 cm.
440 0. ‡aFive Star first edition western series
651 0. ‡aKlondike River Valley (Yukon) ‡vFiction.
650 0. ‡aGold mines and mining ‡vFiction.
655 7. ‡aWestern stories. ‡2gsafd
959 . ‡i32269000647175 ‡lF Cha ‡aAdult - Fiction ‡tFiction ‡g25.00
852 . ‡p32269000647175 ‡jF Cha ‡gAdult - Fiction ‡cFiction ‡y25.00 ‡bSBPL
901 . ‡a126310 ‡bUnknown ‡c126310 ‡tbiblio

Additional Resources